000 00611nam a2200205Ii 4500
003 JO-AjNU
008 230605s9999||||xx |||||||||||||| ||und||
040 _aJO-AjNU
_bara
_erda
_cJO-AjNU
041 _aara
050 1 4 _aAC106.T365.1980
100 3 _aطلفاح،خير الله,
_eauthor
_914978
245 0 0 _aما كتبته لك وقرأت
250 _aط2
264 3 1 _aخير الله طلفاح،1980
300 _a282ص
336 _atext
_btxt
_2rdacontent
337 _aunmediated
_bn
_2rdamedia
338 _avolume
_bnc
_2rdacarrier
650 4 _aالاسلام-مقالات-محاضرات
_914979
999 _aA4123
_c7691
_d7691